River Names - Sudden Death - Statistics

General Stats
  • This quiz has been taken 112 times
  • The average score is 5 of 14
Answers on the Grid
Answers color-coded by a green-red scale on the quiz's grid according to % correct below.
Atlas
Belize
Birmingham
Blue Nile
Burma
Chad
Churchill
Diamond
Erie
Han
Jordan
Macedon
Madeira
Moldova
Monterrey
Niger
Orange
Ottawa
Paraguay
Pearl
Ural
Volta
Washington
Wetar
 
Answer Stats
Answer % Correct
Blue Nile
73%
Niger
63%
Jordan
53%
Volta
53%
Pearl
49%
Orange
46%
Ural
45%
Paraguay
29%
Han
26%
Churchill
14%
Moldova
12%
Madeira
10%
Ottawa
10%
Belize
9%
No matching quizzes found
Score Distribution
Percent of People with Each Score
Percentile by Number Answered
Your Score History
You have not taken this quiz